[Event "Kandidatklassen 2006"]
[Site "Aalborg"]
[Date "2006.04.12"]
[Round "2"]
[White "Damm, Kasper Wilken"]
[Black "Dyrgaard, Kristoffer"]
[Result "0-1"]
[WhiteElo "2268"]
[BlackElo "2069"]
[PlyCount "146"]
[EventDate "2006.??.??"]
[SourceDate "2014.05.18"]

1. c4 e5 2. Nc3 Nc6 3. g3 g6 4. Bg2 Bg7 5. Rb1 Nf6 6. d3 Ne7 7. Nf3 d6 8. O-O
O-O 9. Qc2 c6 10. c5 Ned5 11. cxd6 Qxd6 12. a3 Re8 13. Ng5 Qe7 14. Bd2 Bd7 15.
Nge4 Nxe4 16. Nxe4 Rad8 17. b4 f5 18. Ng5 h6 19. e4 Nc7 20. Qc4+ Ne6 21. exf5
gxf5 22. Nf3 Kh7 23. Rfe1 Ng5 24. Qc2 Nxf3+ 25. Bxf3 Qd6 26. Be3 b6 27. Bg2 Be6
28. Rbd1 Bd5 29. d4 e4 30. Qd2 Bb3 31. Rb1 Bf7 32. Bh3 Qd5 33. Rec1 Re6 34. Rc3
Red6 35. Rbc1 Qe6 36. Qc2 Be8 37. a4 Bxd4 38. Bxd4 Rxd4 39. a5 Rd2 40. Qb3 Qd5
41. Re1 Kg6 42. Qb1 Qd4 43. Rce3 Rb2 44. Qa1 Rxb4 45. Qa2 Bf7 46. Bxf5+ Kf6 47.
Qc2 Rc4 48. Qb1 Rb4 49. Qxe4 Qxe4 50. Bxe4 c5 51. Rf3+ Kg7 52. Bc6 Rd6 53. Re7
Rf6 54. Rxa7 bxa5 55. Rxf6 Kxf6 56. Rxa5 c4 57. Rc5 Be6 58. Kg2 Ke7 59. Rh5 c3
60. Rc5 Bc4 61. Be4 Kd6 62. Rc6+ Kd7 63. Rxh6 Bf1+ 64. Kxf1 Rxe4 65. Ra6 c2 66.
Ra1 Rb4 67. Kg2 Rb1 68. Ra7+ Kc8 69. Ra8+ Kb7 70. Rf8 c1=Q 71. Rf4 Qf1+ 72. Kf3
Qh1+ 73. Kg4 Qxh2 0-1

[Event "Kandidatklassen 2006"]
[Site "Aalborg"]
[Date "2006.04.12"]
[Round "2"]
[White "Palm, Nikolaj"]
[Black "Nielsen, Henning"]
[Result "1-0"]
[WhiteElo "2245"]
[BlackElo "2156"]
[PlyCount "71"]
[EventDate "2006.??.??"]
[SourceDate "2014.05.18"]

1. d4 Nf6 2. Nf3 e6 3. e3 b6 4. b3 Bb7 5. Bb2 Be7 6. Be2 O-O 7. O-O d6 8. c4
Nbd7 9. Nc3 Ne4 10. Qc2 f5 11. Rad1 Qe8 12. Nb5 Bd8 13. Ne1 a6 14. Na3 Bg5 15.
Bf3 Ndf6 16. Nd3 Ng4 17. Qe2 Ngf6 18. c5 Nd5 19. Rc1 Rf6 20. Nc4 a5 21. a3 Ba6
22. Rfd1 Rd8 23. g3 Rf7 24. Qc2 Qe7 25. cxd6 cxd6 26. Nf4 Bxf4 27. exf4 Bb7 28.
Re1 Ba8 29. Qe2 Re8 30. a4 Nef6 31. Ba3 Nb4 32. Bxa8 Rxa8 33. Qxe6 Qa7 34. Nxd6
Nd3 35. Nxf7 Qxf7 36. Rc8+ 1-0

[Event "Kandidatklassen 2006"]
[Site "Aalborg"]
[Date "2006.04.12"]
[Round "2"]
[White "Bank, Pelle Rodkjaer"]
[Black "Rossen, Claus"]
[Result "0-1"]
[WhiteElo "2309"]
[BlackElo "2177"]
[PlyCount "86"]
[EventDate "2006.??.??"]
[SourceDate "2014.05.18"]

1. e4 e5 2. Nc3 Nf6 3. g3 Bc5 4. Bg2 Nc6 5. Nge2 d6 6. Na4 Bg4 7. h3 Be6 8. f4
Qe7 9. c3 Bc4 10. b4 Bxe2 11. Qxe2 Bb6 12. d3 Nd7 13. Nxb6 Nxb6 14. a4 a5 15.
b5 Nb8 16. O-O N8d7 17. d4 Qe6 18. fxe5 dxe5 19. d5 Qg6 20. Be3 Nf6 21. Rf5
Nfd7 22. c4 f6 23. g4 Nc8 24. c5 b6 25. d6 cxd6 26. cxd6 Nxd6 27. Rd1 Nb7 28.
Qd3 Qf7 29. g5 Ndc5 30. Qf1 O-O 31. gxf6 gxf6 32. Bh6 Rfd8 33. Rxd8+ Rxd8 34.
Rxf6 Qe8 35. Qf3 Qe7 36. Bf1 Nd6 37. Bg5 Qg7 38. h4 Ncxe4 39. Bc4+ Kh8 40. Rf5
Nxf5 41. Qxe4 Nxh4 42. Qxh4 Rd4 43. Qh5 h6 0-1

[Event "Kandidatklassen 2006"]
[Site "Aalborg"]
[Date "2006.04.12"]
[Round "2"]
[White "Jakobsen, Peter"]
[Black "Nguyen, Michael"]
[Result "1/2-1/2"]
[WhiteElo "2210"]
[BlackElo "2007"]
[PlyCount "136"]
[EventDate "2006.??.??"]
[SourceDate "2014.05.18"]

1. c4 Nf6 2. g3 e6 3. Bg2 Be7 4. Nf3 O-O 5. O-O b6 6. Ne5 c6 7. d4 Bb7 8. Qa4
Qc7 9. Nc3 d6 10. Nf3 a6 11. Bf4 Nbd7 12. Rfd1 c5 13. dxc5 Nxc5 14. Qc2 Rfd8
15. Rac1 Rac8 16. b3 Qb8 17. b4 Ncd7 18. Qb3 Ne4 19. Nxe4 Bxe4 20. Qa4 Bb7 21.
Be3 Qa8 22. Ne1 Bxg2 23. Nxg2 Qb7 24. Bf4 Nf6 25. Bg5 h6 26. Bxf6 Bxf6 27. Rc2
Be7 28. a3 Rc7 29. Qb3 Rdc8 30. Rdc1 Qe4 31. f3 Qb7 32. Qd3 a5 33. b5 d5 34. a4
dxc4 35. Rxc4 Rxc4 36. Rxc4 Rd8 37. Qc2 Qd5 38. Nf4 Bc5+ 39. Kg2 Qd2 40. Nd3
Qxc2 41. Rxc2 Be3 42. Rc4 Rd4 43. Rxd4 Bxd4 44. f4 Kf8 45. Kf3 Ke7 46. g4 f5
47. e4 fxe4+ 48. Kxe4 Bf6 49. Ne5 Kd6 50. Nf7+ Kc5 51. g5 hxg5 52. fxg5 Bb2 53.
Ne5 Kb4 54. h4 Kxa4 55. h5 Kb3 56. h6 gxh6 57. gxh6 a4 58. h7 a3 59. h8=Q a2
60. Qh3+ Ka4 61. Qxe6 a1=Q 62. Qc4+ Ka3 63. Qd3+ Ka2 64. Qd5+ Ka3 65. Nc4+ Kb4
66. Nxb2 Qh1+ 67. Kd4 Qxd5+ 68. Kxd5 Kxb5 1/2-1/2

[Event "Kandidatklassen 2006"]
[Site "Aalborg"]
[Date "2006.04.12"]
[Round "2"]
[White "Skovgaard, Peter Nicolai"]
[Black "Mikkelsen, Nikolaj"]
[Result "1-0"]
[WhiteElo "2145"]
[BlackElo "2242"]
[PlyCount "84"]
[EventDate "2006.??.??"]
[SourceDate "2014.05.18"]

1. e4 c5 2. Nf3 d6 3. c3 Nf6 4. Bd3 Bg4 5. Bc2 Nc6 6. d3 d5 7. Nbd2 e6 8. O-O
dxe4 9. dxe4 Be7 10. Qe2 O-O 11. Nc4 Qc7 12. h3 Bh5 13. Bg5 b5 14. Ne3 Nd7 15.
Bxe7 Nxe7 16. g4 Bg6 17. Nh4 Qc6 18. Neg2 e5 19. Ne3 Rad8 20. Nhf5 Bxf5 21.
exf5 c4 22. a4 a6 23. axb5 axb5 24. g5 f6 25. g6 h6 26. Qh5 Kh8 27. Qh4 Nc5 28.
Ra7 Ng8 29. Ng4 Nd3 30. Bxd3 cxd3 31. Ne3 d2 32. Rd1 Rd3 33. Qg4 Rfd8 34. Qg2
e4 35. Qg3 Rc8 36. Qf4 b4 37. cxb4 Qb6 38. Raa1 Qxb4 39. Nf1 Rf3 40. Qxd2 Qxd2
41. Nxd2 Rf4 42. Ra7 Re8 1-0

[Event "Kandidatklassen 2006"]
[Site "Aalborg"]
[Date "2006.04.12"]
[Round "2"]
[White "Christensen, Stefan"]
[Black "Olsen, Peter Erik"]
[Result "1-0"]
[WhiteElo "2288"]
[BlackElo "2212"]
[PlyCount "109"]
[EventDate "2006.??.??"]
[SourceDate "2014.05.18"]

1. e4 c6 2. d4 d5 3. Nc3 g6 4. h3 Bg7 5. Nf3 dxe4 6. Nxe4 Nd7 7. Bc4 Ngf6 8.
Nxf6+ Nxf6 9. O-O O-O 10. c3 b6 11. Re1 Bb7 12. Qe2 e6 13. Bg5 Qc7 14. Ne5 Nd5
15. Bxd5 cxd5 16. Ng4 a5 17. Qe3 Bc8 18. Bf6 Bxf6 19. Nxf6+ Kg7 20. Nh5+ Kg8
21. Nf6+ Kg7 22. Nh5+ Kg8 23. Qg5 Qd8 24. Qg3 Kh8 25. Nf4 Ra7 26. Re3 Qf6 27.
Rae1 Ba6 28. Rf3 Qg7 29. h4 h6 30. Qg4 Bc8 31. Qg3 Ba6 32. Rfe3 Kh7 33. Re5 Qf6
34. R5e3 Rd7 35. Rf3 Qg7 36. Rfe3 Qf6 37. Rf3 Qg7 38. Qg4 Rd6 39. Re5 Bc8 40.
Qg3 Rd7 41. Kh1 Ba6 42. Re1 Ra7 43. a3 Rd7 44. Kg1 Ra7 45. Rfe3 Rd7 46. Qg4 Ra7
47. Rg3 Bc8 48. Qf3 Ba6 49. Nh5 Qh8 50. Nf6+ Kg7 51. Qf4 Rd8 52. Qe5 Kf8 53.
Rxg6 Ke7 54. Nxd5+ Rxd5 55. Qxh8 1-0

[Event "Kandidatklassen 2006"]
[Site "Aalborg"]
[Date "2006.04.12"]
[Round "2"]
[White "Wiecker, Stefan"]
[Black "Thorsbro, Peter"]
[Result "1-0"]
[WhiteElo "2009"]
[BlackElo "2205"]
[PlyCount "135"]
[EventDate "2006.??.??"]
[SourceDate "2014.05.18"]

1. e4 c5 2. Nc3 Nc6 3. g3 g6 4. Bg2 Bg7 5. d3 e6 6. Be3 d6 7. f4 Nge7 8. Nf3
O-O 9. O-O Rb8 10. Bf2 b5 11. e5 dxe5 12. fxe5 Nxe5 13. Nxe5 Bxe5 14. Bxc5 Bd4+
15. Bxd4 Qxd4+ 16. Kh1 b4 17. Rf4 Qg7 18. Na4 Bb7 19. Bxb7 Rxb7 20. Qd2 Nd5 21.
Rc4 Qf6 22. Kg2 Rd8 23. Rf1 Qe5 24. Re1 Qb8 25. Nc5 Rb5 26. Qh6 Nb6 27. Ne4 Qb7
28. Rc7 Qd5 29. Rf1 Rd7 30. Rf3 Qxe4 31. dxe4 Rxc7 32. Qd2 Rbc5 33. c3 a5 34.
Qd8+ Kg7 35. Qf6+ Kg8 36. Rd3 Nd7 37. Qd8+ Nf8 38. cxb4 Rc2+ 39. Rd2 axb4 40.
Qd3 R2c4 41. Qd8 Rc8 42. Qe7 R8c7 43. Qe8 Rc2 44. Qd8 R2c4 45. e5 R7c5 46. Qe7
Rc2 47. Qd6 R2c4 48. Kf3 Rc7 49. Qd8 R4c5 50. Qb8 Kg7 51. Rd8 Nd7 52. Rg8+ Kh6
53. Qxb4 Nxe5+ 54. Ke3 Nc4+ 55. Ke2 Re5+ 56. Kf2 Rf5+ 57. Kg1 e5 58. Qf8+ Kh5
59. Qd8 Kg4 60. Qxc7 Nd2 61. Qc1 Ne4 62. a4 Nf2 63. a5 Nh3+ 64. Kg2 Rf2+ 65.
Kh1 Re2 66. Re8 Nf2+ 67. Kg2 Nh3+ 68. Kf1 1-0

[Event "Kandidatklassen 2006"]
[Site "Aalborg"]
[Date "2006.04.12"]
[Round "2"]
[White "Peschardt, Soren"]
[Black "Nielsen, Steffen Slumstrup"]
[Result "0-1"]
[WhiteElo "2122"]
[BlackElo "2255"]
[PlyCount "42"]
[EventDate "2006.??.??"]
[SourceDate "2014.05.18"]

1. d4 Nf6 2. c4 g6 3. Nc3 Bg7 4. e4 d6 5. f3 O-O 6. Be3 Nbd7 7. Nge2 c5 8. d5
a6 9. a4 Ne5 10. Ng3 Qb6 11. Qd2 Qb4 12. a5 Nxc4 13. Bxc4 Qxc4 14. Nge2 Bd7 15.
O-O Bb5 16. Rfd1 Nd7 17. Nxb5 axb5 18. Rdc1 Qb3 19. Rc2 Rfc8 20. Ra3 Qb4 21.
Qc1 Bxb2 0-1

[Event "Kandidatklassen 2006"]
[Site "Aalborg"]
[Date "2006.04.12"]
[Round "2"]
[White "Flindt, Thomas"]
[Black "Hoiberg, Nina"]
[Result "1/2-1/2"]
[WhiteElo "2130"]
[BlackElo "2266"]
[PlyCount "81"]
[EventDate "2006.??.??"]
[SourceDate "2014.05.18"]

1. e4 e5 2. Nf3 Nc6 3. Bb5 d6 4. d4 Bd7 5. Nc3 Nf6 6. Bg5 Be7 7. dxe5 dxe5 8.
Qd2 a6 9. Ba4 b5 10. Bb3 b4 11. Bxf6 bxc3 12. Qd5 O-O 13. O-O-O cxb2+ 14. Kxb2
Bxf6 15. Qxd7 Nd4 16. Qxd8 Rfxd8 17. c3 Nxf3 18. gxf3 a5 19. Rxd8+ Rxd8 20. Rd1
Rxd1 21. Bxd1 Bh4 22. Kb3 Bxf2 23. Ka4 Bb6 24. c4 Kf8 25. c5 Bxc5 26. Kxa5 Ke7
27. Bb3 Kf6 28. Kb5 Bg1 29. h3 Kg6 30. a4 f6 31. a5 Kg5 32. Bg8 h6 33. Kc6 Kf4
34. Kxc7 Kxf3 35. Bh7 g5 36. Kd6 Kg3 37. Bf5 h5 38. Ke6 g4 39. hxg4 hxg4 40.
Kxf6 Bd4 41. Kg5 1/2-1/2

[Event "Kandidatklassen 2006"]
[Site "Aalborg"]
[Date "2006.04.12"]
[Round "2"]
[White "Hjorth, Torben"]
[Black "Hansen, Lars"]
[Result "0-1"]
[WhiteElo "2161"]
[BlackElo "2215"]
[PlyCount "80"]
[EventDate "2006.??.??"]
[SourceDate "2014.05.18"]

1. e4 g6 2. d4 Bg7 3. Nc3 c6 4. Bc4 d6 5. Nf3 b5 6. Bb3 a5 7. a4 b4 8. Ne2 Ba6
9. O-O e6 10. Re1 Nd7 11. d5 cxd5 12. exd5 e5 13. Ned4 Qc7 14. Ng5 Nc5 15. f4
Nxb3 16. cxb3 Nf6 17. Ndf3 O-O 18. fxe5 Ng4 19. Ne4 Nxe5 20. Nxe5 Bxe5 21. Bh6
Rfe8 22. Qd2 f5 23. Ng5 Qc5+ 24. Kh1 Qd4 25. Qxd4 Bxd4 26. Re6 Bb7 27. Rae1 Be5
28. Rc1 Bxd5 29. Rxe8+ Rxe8 30. Rc7 Bxb2 31. Nf3 Bxb3 32. Ra7 Bxa4 33. Rxa5 Bb3
34. Ra7 Bd5 35. h4 Bf6 36. Bg5 Bg7 37. h5 b3 38. h6 Bc3 39. Bd2 Bf6 40. Bg5 Ba8
0-1

[Event "Kandidatklassen 2006"]
[Site "Aalborg"]
[Date "2006.04.13"]
[Round "3"]
[White "Rossen, Claus"]
[Black "Nielsen, Steffen Slumstrup"]
[Result "0-1"]
[WhiteElo "2177"]
[BlackElo "2255"]
[PlyCount "38"]
[EventDate "2006.??.??"]
[SourceDate "2014.05.18"]

1. e4 Nf6 2. Nc3 e5 3. f4 d6 4. Nf3 Nc6 5. Bc4 Be7 6. d3 O-O 7. f5 Na5 8. Be3
c6 9. Bb3 d5 10. Bf2 Bb4 11. O-O Bxc3 12. bxc3 dxe4 13. Nxe5 Nxb3 14. axb3 exd3
15. cxd3 Re8 16. Bg3 Qd5 17. Nc4 Bxf5 18. Nd6 Bg4 19. c4 Qd4+ 0-1

[Event "Kandidatklassen 2006"]
[Site "Aalborg"]
[Date "2006.04.13"]
[Round "3"]
[White "Brondum, Eric"]
[Black "Jakobsen, Peter"]
[Result "0-1"]
[WhiteElo "2155"]
[BlackElo "2210"]
[PlyCount "98"]
[EventDate "2006.??.??"]
[SourceDate "2014.05.18"]

1. d4 d5 2. c4 e6 3. Nc3 Be7 4. Nf3 Nf6 5. Bg5 h6 6. Bh4 O-O 7. e3 b6 8. Bd3
Bb7 9. Bxf6 Bxf6 10. cxd5 exd5 11. b4 c5 12. bxc5 bxc5 13. O-O Nc6 14. Rc1 cxd4
15. exd4 Nxd4 16. Nxd4 Bxd4 17. Bh7+ Kxh7 18. Qxd4 Qa5 19. Rfd1 Rac8 20. Ne2
Rxc1 21. Rxc1 Re8 22. h3 Re4 23. Qd3 Ba6 24. Qf3 Kg8 25. Ng3 Re1+ 26. Rxe1
Qxe1+ 27. Kh2 Qe5 28. Qa3 Qf6 29. Qc5 d4 30. Qxa7 g6 31. Qb8+ Kg7 32. Ne4 Qe7
33. f3 Bb7 34. Qf4 Bxe4 35. fxe4 d3 36. Qe3 Qd7 37. Qd2 Qd4 38. Kg3 Qxe4 39.
Kf2 Qd4+ 40. Kf3 f5 41. a4 g5 42. a5 Qc4 43. Kf2 Kg6 44. Ke1 f4 45. Kf2 h5 46.
Ke1 Kf5 47. Qb2 g4 48. hxg4+ hxg4 49. Qa3 Qe4+ 0-1

[Event "Kandidatklassen 2006"]
[Site "Aalborg"]
[Date "2006.04.13"]
[Round "3"]
[White "Nielsen, Jorgen Gustav"]
[Black "Christensen, Bo Garner"]
[Result "1-0"]
[WhiteElo "2163"]
[BlackElo "2224"]
[PlyCount "131"]
[EventDate "2006.??.??"]
[SourceDate "2014.05.18"]

1. d4 Nf6 2. c4 g6 3. Nc3 Bg7 4. e4 d6 5. f3 O-O 6. Be3 e5 7. Nge2 a6 8. Qd2
Nc6 9. d5 Ne7 10. g4 c6 11. dxc6 bxc6 12. Rd1 Be6 13. Qxd6 Qxd6 14. Rxd6 Bxc4
15. Nc1 Be6 16. Rd2 Nd7 17. Nd3 f5 18. gxf5 gxf5 19. Nc5 Nxc5 20. Bxc5 Bf6 21.
Bh3 Bh4+ 22. Kd1 Rad8 23. Rg1+ Kf7 24. Rgg2 fxe4 25. Bxe6+ Kxe6 26. fxe4 Rf1+
27. Kc2 Rxd2+ 28. Rxd2 Rh1 29. Be3 Be1 30. Rg2 Ng6 31. Ne2 Nh4 32. Rg1 Rxg1 33.
Nxg1 Ng2 34. Bc5 h5 35. Nf3 Ba5 36. Kd3 Bd8 37. Kc4 h4 38. Kd3 Nf4+ 39. Ke3 h3
40. Ng1 Bg5 41. Kf3 Nd3 42. Be3 Bxe3 43. Kxe3 Nc1 44. Nxh3 Nxa2 45. Kd3 Nc1+
46. Kc4 a5 47. Ng1 Kf6 48. h4 Kg6 49. Nf3 Kf6 50. h5 Ne2 51. h6 Ng3 52. Kd3 c5
53. Nxe5 Nh5 54. Ke3 c4 55. Nxc4 Kg6 56. Nxa5 Kxh6 57. b4 Nf6 58. Kd4 Kg7 59.
e5 Nd7 60. e6 Nb6 61. Nc4 Nc8 62. Ke5 Kf8 63. b5 Na7 64. b6 Nc6+ 65. Kd6 Nb8
66. Ne5 1-0

[Event "Kandidatklassen 2006"]
[Site "Aalborg"]
[Date "2006.04.13"]
[Round "3"]
[White "Damm, Kasper Wilken"]
[Black "Flindt, Thomas"]
[Result "1-0"]
[WhiteElo "2268"]
[BlackElo "2130"]
[PlyCount "87"]
[EventDate "2006.??.??"]
[SourceDate "2014.05.18"]

1. c4 Nc6 2. Nc3 e5 3. g3 Bc5 4. Bg2 Nge7 5. Ne4 b6 6. Nxc5 bxc5 7. d3 Rb8 8.
Nf3 O-O 9. O-O Bb7 10. Bd2 Nf5 11. Bc3 Ncd4 12. e3 Nxf3+ 13. Bxf3 d6 14. Be4
Ne7 15. f4 Bxe4 16. dxe4 f6 17. a3 Qc8 18. b4 Qa6 19. Qd3 Qc6 20. Rfd1 Rfd8 21.
Rd2 h6 22. Rad1 Qa4 23. Kf2 Nc6 24. Qd5+ Kh7 25. bxc5 Ne7 26. Qe6 Qxa3 27. Qxe7
Qxc3 28. Qxc7 Rb2 29. Rxb2 Qxb2+ 30. Kf3 Rb8 31. Qxd6 Qc2 32. Rd2 Qc1 33. Qd7
Qh1+ 34. Kg4 Qxe4 35. Qf5+ Qxf5+ 36. Kxf5 exf4 37. exf4 Rc8 38. Rd5 a5 39. Ke6
a4 40. Kd7 Ra8 41. c6 a3 42. Rd1 a2 43. c7 Ra7 44. Kd8 1-0

[Event "Kandidatklassen 2006"]
[Site "Aalborg"]
[Date "2006.04.13"]
[Round "3"]
[White "Dyrgaard, Kristoffer"]
[Black "Jacobsen, Bo"]
[Result "1/2-1/2"]
[WhiteElo "2069"]
[BlackElo "2308"]
[PlyCount "57"]
[EventDate "2006.??.??"]
[SourceDate "2014.05.18"]

1. e4 e5 2. Bc4 Nc6 3. Nc3 a6 4. d3 Bc5 5. Qh5 g6 6. Qf3 f6 7. Nge2 Nd4 8. Nxd4
Bxd4 9. Bg5 Bxc3+ 10. bxc3 h6 11. Bh4 d6 12. Bxg8 Rxg8 13. Bxf6 Qd7 14. Bh4 Qg4
15. Qxg4 Bxg4 16. f3 Be6 17. a3 g5 18. Bg3 h5 19. h3 Kf7 20. Ke2 h4 21. Bf2 Rh8
22. Be3 Kf6 23. Rhd1 Rhg8 24. Bf2 b6 25. Rab1 Rab8 26. Rb2 Rgd8 27. c4 Bd7 28.
Rdb1 Ra8 29. Rd1 1/2-1/2

[Event "Kandidatklassen 2006"]
[Site "Aalborg"]
[Date "2006.04.13"]
[Round "3"]
[White "Hansen, Lars"]
[Black "Wiecker, Stefan"]
[Result "1/2-1/2"]
[WhiteElo "2215"]
[BlackElo "2009"]
[PlyCount "74"]
[EventDate "2006.??.??"]
[SourceDate "2014.05.18"]

1. g3 Nf6 2. Bg2 g6 3. e4 d6 4. d3 Bg7 5. f4 O-O 6. Nf3 Nc6 7. O-O e5 8. Nc3 h6
9. Bd2 Nh5 10. f5 Nf6 11. h3 gxf5 12. Nh4 Nd4 13. Nxf5 Nxf5 14. exf5 d5 15. g4
c6 16. h4 Nh7 17. Qe1 Qb6+ 18. Kh1 Qxb2 19. g5 Qxc2 20. f6 Bh8 21. Qe2 hxg5 22.
hxg5 Bg4 23. Bf3 Bf5 24. Bxd5 Qxd3 25. Rxf5 Qh3+ 26. Qh2 Qxh2+ 27. Kxh2 cxd5
28. Nxd5 Rfd8 29. Ne7+ Kf8 30. Bb4 a5 31. Ba3 Rd3 32. Bc5 Rc3 33. Bd6 Rd8 34.
Ng6+ Kg8 35. Ne7+ Kf8 36. Ng6+ Kg8 37. Ne7+ Kf8 1/2-1/2

[Event "Kandidatklassen 2006"]
[Site "Aalborg"]
[Date "2006.04.13"]
[Round "3"]
[White "Nguyen, Michael"]
[Black "Pedersen, Jan Rode"]
[Result "0-1"]
[WhiteElo "2007"]
[BlackElo "2212"]
[PlyCount "42"]
[EventDate "2006.??.??"]
[SourceDate "2014.05.18"]

1. c4 Nf6 2. g3 e5 3. Bg2 Nc6 4. Nc3 Be7 5. e3 O-O 6. Nge2 d6 7. d4 exd4 8.
exd4 Bf5 9. O-O Qd7 10. Nf4 Rfe8 11. Re1 Nb4 12. Re2 Bg4 13. f3 Bf5 14. a3 Nc6
15. g4 Nxg4 16. Rxe7 Qxe7 17. fxg4 Qh4 18. Bd2 Bxg4 19. Be1 Qg5 20. Qd2 Bf3 21.
Nfd5 Rxe1+ 0-1

[Event "Kandidatklassen 2006"]
[Site "Aalborg"]
[Date "2006.04.13"]
[Round "3"]
[White "Willumsen, Niels Henrik"]
[Black "Bank, Pelle Rodkjaer"]
[Result "1/2-1/2"]
[WhiteElo "2202"]
[BlackElo "2309"]
[PlyCount "132"]
[EventDate "2006.??.??"]
[SourceDate "2014.05.18"]

1. e4 g6 2. d4 c6 3. Nf3 Bg7 4. Be2 d5 5. e5 Bg4 6. Nbd2 e6 7. O-O Ne7 8. h3
Bxf3 9. Nxf3 Nd7 10. Re1 Qb6 11. c4 dxc4 12. Bxc4 O-O 13. Bg5 Nd5 14. Bxd5 cxd5
15. Qd2 Rfc8 16. Rac1 Bf8 17. a3 Rc6 18. Re3 Rac8 19. Rec3 a5 20. Nh2 h5 21. g4
h4 22. Bxh4 a4 23. Bg5 Qb5 24. h4 Nb6 25. h5 Rxc3 26. Rxc3 Rxc3 27. Qxc3 Nc4
28. hxg6 fxg6 29. Bc1 Qb3 30. Qxb3 axb3 31. Nf3 Kf7 32. Kf1 Bxa3 33. bxa3 b2
34. Bxb2 Nxb2 35. Nd2 g5 36. Ke2 b5 37. Nb1 Nc4 38. Kd3 Ke7 39. Nd2 Nxa3 40.
Nf3 b4 41. Nxg5 b3 42. Kc3 Nb5+ 43. Kxb3 Nxd4+ 44. Kc3 Ne2+ 45. Kd3 Nf4+ 46.
Kd4 Kd7 47. Nf3 Ke7 48. Nh4 Nh3 49. f3 Kf7 50. Ke3 Kg7 51. Ng2 Ng5 52. Nf4 Kf7
53. Nd3 Kg6 54. f4 Nf7 55. Nc5 Nh6 56. Nxe6 Nxg4+ 57. Kd4 Kf5 58. Ng7+ Kxf4 59.
e6 Nf6 60. e7 Kg5 61. Ke5 Kg6 62. Nf5 Kf7 63. Kd6 d4 64. Nh6+ Ke8 65. Ke6 Nd5
66. Kxd5 Kxe7 1/2-1/2

[Event "Kandidatklassen 2006"]
[Site "Aalborg"]
[Date "2006.04.13"]
[Round "3"]
[White "Mikkelsen, Nikolaj"]
[Black "Jorgensen, Brian Jorgen"]
[Result "0-1"]
[WhiteElo "2242"]
[BlackElo "2196"]
[PlyCount "80"]
[EventDate "2006.??.??"]
[SourceDate "2014.05.18"]

1. e4 g6 2. d4 Bg7 3. Nc3 d6 4. Be3 a6 5. a4 b6 6. f4 Nd7 7. Bc4 Bb7 8. Nf3 e6
9. f5 Qe7 10. fxe6 fxe6 11. O-O h6 12. Qd3 Nf8 13. Rae1 g5 14. Bf2 Qd7 15. Bg3
Ne7 16. Rf2 Nfg6 17. h4 g4 18. h5 gxf3 19. hxg6 O-O 20. gxf3 d5 21. exd5 exd5
22. Rxe7 Qxe7 23. Nxd5 Qe1+ 24. Kh2 Kh8 25. Re2 Qf1 26. Bf2 b5 27. Qe3 bxc4 28.
Re1 Qxe1 29. Qxe1 Bxd5 30. Qa5 c6 31. Bg3 Rf6 32. Qb6 Rxg6 33. Bb8 Kh7 34. Qb7
Rxb8 35. Qxb8 Bxd4 36. Qb7+ Rg7 37. Qxa6 Be5+ 38. Kh3 Be6+ 39. Kh4 Bf6+ 40. Kh5
Bf7# 0-1

[Event "Kandidatklassen 2006"]
[Site "Aalborg"]
[Date "2006.04.13"]
[Round "3"]
[White "Hoiberg, Nina"]
[Black "Hjorth, Torben"]
[Result "1-0"]
[WhiteElo "2266"]
[BlackElo "2161"]
[PlyCount "61"]
[EventDate "2006.??.??"]
[SourceDate "2014.05.18"]

1. e4 c5 2. b4 cxb4 3. d4 d5 4. e5 Nc6 5. a3 Qb6 6. Nf3 Bg4 7. Be3 e6 8. axb4
Bxb4+ 9. c3 Bf8 10. Bd3 Nge7 11. O-O Ng6 12. h3 Bf5 13. Bxf5 exf5 14. c4 f4 15.
cxd5 fxe3 16. dxc6 bxc6 17. fxe3 Be7 18. Nc3 O-O 19. Qa4 a5 20. Rab1 Bb4 21.
Rfc1 Rac8 22. Ne4 f5 23. Nd6 Rc7 24. Qb3+ Kh8 25. Ng5 Qa7 26. Rxc6 Bxd6 27.
Rxd6 f4 28. Ne6 Rcf7 29. Nxf8 Rxf8 30. exf4 Nxf4 31. Qb7 1-0

[Event "Kandidatklassen 2006"]
[Site "Aalborg"]
[Date "2006.04.13"]
[Round "3"]
[White "Bonnelykke, Ole"]
[Black "Rhee, Alexander Kasper"]
[Result "0-1"]
[WhiteElo "2041"]
[BlackElo "2018"]
[PlyCount "114"]
[EventDate "2006.??.??"]
[SourceDate "2014.05.18"]

1. e4 d5 2. d4 dxe4 3. Nc3 Nf6 4. f3 exf3 5. Nxf3 Bf5 6. Bc4 e6 7. O-O c6 8.
Ne5 Bg6 9. Be3 Bd6 10. Qe2 Nbd7 11. Bg5 Qb6 12. Nxd7 Nxd7 13. Bxe6 Qxd4+ 14.
Be3 Qe5 15. Bxd7+ Kxd7 16. Qg4+ Qe6 17. Qf3 Rhe8 18. Rfe1 Qf5 19. Rad1 Re6 20.
Qg3 Rd8 21. Bxa7 Kc7 22. Qh4 Rde8 23. Rxe6 Qxe6 24. Qd4 Qe5 25. Bb6+ Kd7 26.
Qh4 Bxc2 27. Rd2 g5 28. Qg3 Qxg3 29. hxg3 Be4 30. b4 Bd5 31. Nxd5 cxd5 32. Bf2
Ke6 33. Re2+ Be5 34. a4 Ra8 35. a5 f6 36. Rc2 d4 37. Kf1 Kf5 38. Ke2 Ke4 39.
Rc5 h5 40. Rb5 Rb8 41. Kd2 Bd6 42. Be1 Be5 43. Bf2 g4 44. Rb6 Bc7 45. Rxf6 Be5
46. Rh6 Rc8 47. Rxh5 Rc4 48. Rg5 Rxb4 49. Rxg4+ Kd5 50. Kd3 Rb3+ 51. Kc2 Rc3+
52. Kd1 Ra3 53. Be1 Ra2 54. Bd2 Kc4 55. Re4 Bd6 56. Re6 Bc5 57. Rf6 Ra1+ 0-1

[Event "Kandidatklassen 2006"]
[Site "Aalborg"]
[Date "2006.04.13"]
[Round "3"]
[White "Olsen, Peter Erik"]
[Black "Nielsen, Henning"]
[Result "1-0"]
[WhiteElo "2212"]
[BlackElo "2156"]
[PlyCount "73"]
[EventDate "2006.??.??"]
[SourceDate "2014.05.18"]

1. d4 Nf6 2. c4 e6 3. Nc3 c5 4. d5 exd5 5. cxd5 d6 6. e4 g6 7. h3 Bg7 8. Nf3
O-O 9. Bd3 b5 10. Nxb5 Nxe4 11. Bxe4 Re8 12. Ng5 Qa5+ 13. Nc3 h6 14. Ne6 Ba6
15. f3 fxe6 16. dxe6 Bxc3+ 17. bxc3 Qxc3+ 18. Kf2 Qxa1 19. Qxd6 Qxa2+ 20. Kg3
Nc6 21. Bxc6 Rad8 22. Bd7 Qe2 23. Bxh6 Bc4 24. Bg5 Rb8 25. Bxe8 Rxe8 26. e7 Bf7
27. Qxc5 a6 28. h4 Qe6 29. Rd1 Qb3 30. Rd6 Qb7 31. Qe5 Kh7 32. Qf6 Qb3 33. h5
Rg8 34. h6 Qc4 35. e8=Q Bxe8 36. Rd7+ Bxd7 37. Qe7+ 1-0

[Event "Kandidatklassen 2006"]
[Site "Aalborg"]
[Date "2006.04.13"]
[Round "3"]
[White "Thorsbro, Peter"]
[Black "Nielsen, Erling Moller"]
[Result "1-0"]
[WhiteElo "2205"]
[BlackElo "2112"]
[PlyCount "131"]
[EventDate "2006.??.??"]
[SourceDate "2014.05.18"]

1. d4 Nf6 2. c4 g6 3. Nc3 Bg7 4. e4 O-O 5. Be2 d6 6. Nf3 Bg4 7. Be3 Nc6 8. d5
Bxf3 9. Bxf3 Na5 10. Be2 c5 11. O-O a6 12. a4 Nd7 13. f4 Nb6 14. Bf2 Nbxc4 15.
Qc2 Nb6 16. Bg3 Bd4+ 17. Kh1 Nd7 18. Bf3 Bg7 19. Rfe1 e5 20. f5 Rb8 21. fxg6
hxg6 22. Bg4 Nf6 23. Be2 c4 24. Rf1 Nb3 25. Rae1 Nd4 26. Qd2 Qc7 27. Bf2 Nd7
28. Be3 Nb3 29. Qc2 b5 30. axb5 axb5 31. Bg5 f6 32. Bh4 Bh6 33. Bg4 Nd4 34. Qf2
Nc5 35. Be6+ Kh7 36. Bxf6 Bg5 37. Bxg5 Rxf2 38. Rxf2 Ndxe6 39. dxe6 Nxe6 40.
Nd5 Qb7 41. Bf6 Rf8 42. Re3 Ng7 43. Rh3+ Kg8 44. g4 b4 45. Rff3 Rf7 46. Rh6 c3
47. bxc3 b3 48. Rfh3 Rxf6 49. Nxf6+ Kf7 50. Nd5 Ke8 51. Rf3 Kd8 52. Rf8+ Ne8
53. Rxe8+ Kxe8 54. Rh8+ Kd7 55. Rh7+ Kc6 56. Rxb7 Kxb7 57. c4 b2 58. Nc3 Kc6
59. Kg2 Kc5 60. Na4+ Kd4 61. Nxb2 Kxe4 62. Nd1 Kd4 63. Kf3 g5 64. Ne3 e4+ 65.
Ke2 Ke5 66. Nf5 1-0

[Event "Kandidatklassen 2006"]
[Site "Aalborg"]
[Date "2006.04.13"]
[Round "3"]
[White "Nikontovic, Semir"]
[Black "Harholm, Jes Uffe"]
[Result "1-0"]
[WhiteElo "2316"]
[BlackElo "2174"]
[PlyCount "59"]
[EventDate "2006.??.??"]
[SourceDate "2014.05.18"]

1. e4 e6 2. d4 d5 3. e5 c5 4. c3 Nc6 5. Nf3 Bd7 6. Be2 Qb6 7. O-O Nge7 8. dxc5
Qc7 9. Na3 Nxe5 10. Nxe5 Qxe5 11. Re1 Qb8 12. Bd3 Nc6 13. b4 a6 14. Rb1 Be7 15.
c4 dxc4 16. Nxc4 Qc7 17. Qf3 e5 18. Qg3 O-O 19. Nxe5 Nxe5 20. Rxe5 Qd8 21. Rd5
Re8 22. Bb2 Bf8 23. h3 Qe7 24. Bxh7+ Kxh7 25. Qd3+ Qe4 26. Rxd7 Qxd3 27. Rxd3
a5 28. a3 axb4 29. axb4 Ra2 30. Kf1 1-0